<?xml version="1.0" encoding="UTF-8"?>
<record
    xmlns:xsi="http://www.w3.org/2001/XMLSchema-instance"
    xsi:schemaLocation="http://www.loc.gov/MARC21/slim http://www.loc.gov/standards/marcxml/schema/MARC21slim.xsd"
    xmlns="http://www.loc.gov/MARC21/slim">

  <leader>01984    a2200241   4500</leader>
  <controlfield tag="001">2162214035926770</controlfield>
  <controlfield tag="003">UA-OsUOA</controlfield>
  <controlfield tag="005">20260505095828.0</controlfield>
  <controlfield tag="008">260504b        un a|||| |||| 00| p ukr d</controlfield>
  <datafield tag="040" ind1=" " ind2=" ">
    <subfield code="a">UA-OsUOA</subfield>
    <subfield code="b">ukr</subfield>
    <subfield code="c">UA-OsUOA</subfield>
    <subfield code="d">UA-OsUOA</subfield>
  </datafield>
  <datafield tag="041" ind1=" " ind2=" ">
    <subfield code="a">ukr</subfield>
  </datafield>
  <datafield tag="080" ind1=" " ind2=" ">
    <subfield code="a">821.161.2</subfield>
  </datafield>
  <datafield tag="090" ind1=" " ind2=" ">
    <subfield code="a">821.161.2</subfield>
    <subfield code="b">C91</subfield>
  </datafield>
  <datafield tag="100" ind1=" " ind2=" ">
    <subfield code="a">&#x421;&#x443;&#x445;&#x430;&#x440; &#x406;.</subfield>
    <subfield code="9">25174</subfield>
  </datafield>
  <datafield tag="245" ind1=" " ind2=" ">
    <subfield code="a">&#x41B;&#x435;&#x442;&#x456;&#x43B;&#x438; &#x43E;&#x440;&#x43B;&#x438; &#x437; &#x447;&#x43E;&#x442;&#x438;&#x440;&#x44C;&#x43E;&#x445; &#x432;&#x456;&#x442;&#x440;&#x456;&#x432;</subfield>
    <subfield code="b">&#x421;&#x43F;&#x456;&#x432;&#x430;&#x43D;&#x438;&#x43A;</subfield>
    <subfield code="c">&#x406;&#x432;&#x430;&#x43D; &#x421;&#x443;&#x445;&#x430;&#x440;</subfield>
  </datafield>
  <datafield tag="260" ind1=" " ind2=" ">
    <subfield code="a">&#x413;&#x443;&#x43B;&#x44F;&#x439;&#x43F;&#x43E;&#x43B;&#x435;</subfield>
    <subfield code="b">&#x413;&#x443;&#x43B;&#x44F;&#x439;&#x43F;&#x456;&#x43B;&#x44C;&#x441;&#x44C;&#x43A;&#x430; &#x434;&#x440;&#x443;&#x43A;&#x430;&#x440;&#x43D;&#x44F;</subfield>
    <subfield code="c">1995</subfield>
  </datafield>
  <datafield tag="300" ind1=" " ind2=" ">
    <subfield code="a">112 &#x441;.</subfield>
  </datafield>
  <datafield tag="520" ind1=" " ind2=" ">
    <subfield code="a">&#xAB;&#x41B;&#x435;&#x442;&#x456;&#x43B;&#x438; &#x43E;&#x440;&#x43B;&#x438; &#x437; &#x447;&#x43E;&#x442;&#x438;&#x440;&#x44C;&#x43E;&#x445; &#x432;&#x456;&#x442;&#x440;&#x456;&#x432;&#xBB; &#x2014; &#x43F;&#x435;&#x440;&#x448;&#x430; &#x430;&#x432;&#x442;&#x43E;&#x440;&#x441;&#x44C;&#x43A;&#x430; &#x437;&#x431;&#x456;&#x440;&#x43A;&#x430; &#x43F;&#x456;&#x441;&#x435;&#x43D;&#x44C; &#x43F;&#x43E;&#x435;&#x442;&#x430;-&#x434;&#x438;&#x441;&#x438;&#x434;&#x435;&#x43D;&#x442;&#x430; &#x406;&#x432;&#x430;&#x43D;&#x430; &#x421;&#x443;&#x445;&#x430;&#x440;&#x44F;, &#x449;&#x43E; &#x43F;&#x43E;&#x431;&#x430;&#x447;&#x438;&#x43B;&#x430; &#x441;&#x432;&#x456;&#x442; &#x443; 1995 &#x440;&#x43E;&#x446;&#x456;. &#x41A;&#x43D;&#x438;&#x433;&#x430; &#x454; &#x441;&#x438;&#x43D;&#x442;&#x435;&#x437;&#x43E;&#x43C; &#x43F;&#x43E;&#x435;&#x442;&#x438;&#x447;&#x43D;&#x43E;&#x433;&#x43E; &#x441;&#x43B;&#x43E;&#x432;&#x430; &#x442;&#x430; &#x43D;&#x430;&#x440;&#x43E;&#x434;&#x43D;&#x43E;&#x457; &#x43C;&#x435;&#x43B;&#x43E;&#x434;&#x438;&#x43A;&#x438;, &#x434;&#x435; &#x430;&#x432;&#x442;&#x43E;&#x440; &#x432;&#x438;&#x441;&#x442;&#x443;&#x43F;&#x430;&#x454; &#x456; &#x44F;&#x43A; &#x43F;&#x43E;&#x435;&#x442;, &#x456; &#x44F;&#x43A; &#x43A;&#x43E;&#x43C;&#x43F;&#x43E;&#x437;&#x438;&#x442;&#x43E;&#x440;.
&#x426;&#x435;&#x43D;&#x442;&#x440;&#x430;&#x43B;&#x44C;&#x43D;&#x43E;&#x44E; &#x442;&#x435;&#x43C;&#x43E;&#x44E; &#x454; &#x43A;&#x43E;&#x437;&#x430;&#x446;&#x44C;&#x43A;&#x430; &#x441;&#x43B;&#x430;&#x432;&#x430;, &#x43D;&#x435;&#x437;&#x43D;&#x438;&#x449;&#x435;&#x43D;&#x43D;&#x456;&#x441;&#x442;&#x44C; &#x443;&#x43A;&#x440;&#x430;&#x457;&#x43D;&#x441;&#x44C;&#x43A;&#x43E;&#x433;&#x43E; &#x434;&#x443;&#x445;&#x443; &#x442;&#x430; &#x432;&#x456;&#x440;&#x430; &#x443; &#x432;&#x456;&#x43B;&#x44C;&#x43D;&#x435; &#x43C;&#x430;&#x439;&#x431;&#x443;&#x442;&#x43D;&#x454; &#x434;&#x435;&#x440;&#x436;&#x430;&#x432;&#x438;. &#x414;&#x43E; &#x437;&#x431;&#x456;&#x440;&#x43A;&#x438; &#x443;&#x432;&#x456;&#x439;&#x448;&#x43B;&#x438; &#x43C;&#x430;&#x440;&#x448;&#x43E;&#x432;&#x456; &#x43A;&#x43E;&#x437;&#x430;&#x446;&#x44C;&#x43A;&#x456; &#x43F;&#x456;&#x441;&#x43D;&#x456;, &#x43B;&#x456;&#x440;&#x438;&#x447;&#x43D;&#x456; &#x442;&#x432;&#x43E;&#x440;&#x438; &#x43F;&#x440;&#x43E; &#x440;&#x456;&#x434;&#x43D;&#x438;&#x439; &#x43A;&#x440;&#x430;&#x439; &#x442;&#x430; &#x444;&#x456;&#x43B;&#x43E;&#x441;&#x43E;&#x444;&#x441;&#x44C;&#x43A;&#x456; &#x440;&#x43E;&#x437;&#x434;&#x443;&#x43C;&#x438;. &#x422;&#x432;&#x43E;&#x440;&#x438; &#x441;&#x442;&#x438;&#x43B;&#x456;&#x441;&#x442;&#x438;&#x447;&#x43D;&#x43E; &#x43D;&#x430;&#x431;&#x43B;&#x438;&#x436;&#x435;&#x43D;&#x456; &#x434;&#x43E; &#x443;&#x43A;&#x440;&#x430;&#x457;&#x43D;&#x441;&#x44C;&#x43A;&#x43E;&#x433;&#x43E; &#x444;&#x43E;&#x43B;&#x44C;&#x43A;&#x43B;&#x43E;&#x440;&#x443;, &#x449;&#x43E; &#x437;&#x440;&#x43E;&#x431;&#x438;&#x43B;&#x43E; &#x457;&#x445; &#x43F;&#x43E;&#x43F;&#x443;&#x43B;&#x44F;&#x440;&#x43D;&#x438;&#x43C;&#x438; &#x441;&#x435;&#x440;&#x435;&#x434; &#x43D;&#x430;&#x440;&#x43E;&#x434;&#x43D;&#x438;&#x445; &#x445;&#x43E;&#x440;&#x456;&#x432; &#x442;&#x430; &#x430;&#x43D;&#x441;&#x430;&#x43C;&#x431;&#x43B;&#x456;&#x432;. &#x417;&#x431;&#x456;&#x440;&#x43A;&#x430; &#x441;&#x442;&#x430;&#x43B;&#x430; &#x441;&#x438;&#x43C;&#x432;&#x43E;&#x43B;&#x43E;&#x43C; &#x434;&#x443;&#x445;&#x43E;&#x432;&#x43D;&#x43E;&#x433;&#x43E; &#x432;&#x456;&#x434;&#x440;&#x43E;&#x434;&#x436;&#x435;&#x43D;&#x43D;&#x44F; &#x417;&#x430;&#x43F;&#x43E;&#x440;&#x456;&#x437;&#x44C;&#x43A;&#x43E;&#x433;&#x43E; &#x43A;&#x440;&#x430;&#x44E; &#x43F;&#x456;&#x441;&#x43B;&#x44F; &#x434;&#x435;&#x441;&#x44F;&#x442;&#x438;&#x43B;&#x456;&#x442;&#x44C; &#x440;&#x430;&#x434;&#x44F;&#x43D;&#x441;&#x44C;&#x43A;&#x43E;&#x457; &#x446;&#x435;&#x43D;&#x437;&#x443;&#x440;&#x438;.</subfield>
  </datafield>
  <datafield tag="650" ind1=" " ind2=" ">
    <subfield code="a">82 &#x41B;&#x456;&#x442;&#x435;&#x440;&#x430;&#x442;&#x443;&#x440;&#x430;. &#x41B;&#x456;&#x442;&#x435;&#x440;&#x430;&#x442;&#x443;&#x440;&#x43E;&#x437;&#x43D;&#x430;&#x432;&#x441;&#x442;&#x432;&#x43E;</subfield>
    <subfield code="9">15</subfield>
  </datafield>
  <datafield tag="942" ind1=" " ind2=" ">
    <subfield code="c">BK</subfield>
    <subfield code="2">udc</subfield>
  </datafield>
  <datafield tag="955" ind1=" " ind2=" ">
    <subfield code="a">3</subfield>
  </datafield>
  <datafield tag="999" ind1=" " ind2=" ">
    <subfield code="c">580641</subfield>
    <subfield code="d">580641</subfield>
  </datafield>
  <datafield tag="952" ind1=" " ind2=" ">
    <subfield code="0">0</subfield>
    <subfield code="1">0</subfield>
    <subfield code="2">udc</subfield>
    <subfield code="4">0</subfield>
    <subfield code="7">0</subfield>
    <subfield code="8">C_Shevchuk_V.</subfield>
    <subfield code="a">101</subfield>
    <subfield code="b">101</subfield>
    <subfield code="d">2026-05-04</subfield>
    <subfield code="e">&#x410;&#x43A;&#x442; &#x2116;24/28.04.2026</subfield>
    <subfield code="g">15.00</subfield>
    <subfield code="i">169898</subfield>
    <subfield code="l">0</subfield>
    <subfield code="o">821.161.2 C91</subfield>
    <subfield code="p">169898</subfield>
    <subfield code="r">2026-05-04 16:38:52</subfield>
    <subfield code="v">15.00</subfield>
    <subfield code="w">2026-05-04</subfield>
    <subfield code="y">BK</subfield>
  </datafield>
</record>
